000 nam a22 a 4500
999 _c390779
_d390779
003 BLK
005 20201028134626.0
008 180411b bul|||||r ||||||| ||bul||
010 _aKNG00193294000
040 _aBLK
041 _aFRE
_cFRE
080 _aКласическа гръцка литература. Старогръцка литература
_b821.142
_x-2
_z821.142-2
100 _aEuripide
_eпърви автор
_9435715
139 _aEuripide
245 1 0 _aTheatre d'Euripide et fragments
_cEuripide; trad., introd. et notes G. Hinstin.
257 _aFRA
260 _aParis
_bLibr. Hachette
_c1884
_9215648
300 _a455 с.
_c18 см
380 _aX
490 _9435080
_aКолекция Редки и ценни издания
700 _aHinstin, G.
_etrad.
_9284
852 _aРф 884
_bРц
856 4 _qpdf
856 4 _qpdf
942 _cKNG
_n0
_s1
944 _aCR
_c2020-10-28
_kТД
944 _aED
_c17.10.2016
_kНора_Радева
999 _d390779
999 _d184341